Nombres sans voyelles - Statistiques

Statistiques générales
  • Ce quiz a été pris 173 fois
  • Le résultat moyen est 19 sur 40
Statistiques - réponses
Chiffre/nombre % Correct
n
100%
dx
98%
trs
96%
qtr
94%
cnq
93%
ht
92%
spt
92%
sx
92%
nf
91%
dx
90%
dz
90%
nz
90%
trz
89%
qtrz
88%
qnz
82%
sz
80%
dx-spt
75%
dx-ht
69%
dx-nf
66%
vngt
61%
vngt t n
43%
vngt dx
26%
vngt trs
22%
vngt qtr
16%
vngt cnq
10%
vngt sx
8%
vngt ht
6%
vngt spt
6%
vngt nf
3%
trnt t n
1%
trnt
1%
qrnt
0%
trnt cnq
0%
trnt dx
0%
trnt ht
0%
trnt nf
0%
trnt qtr
0%
trnt spt
0%
trnt sx
0%
trnt trs
0%
Aucun quiz correspondant
Distribution des résultats
% des personnes avec chaque résultat
Percentile par nombre de réponses
Votre historique - résultats
Vous n’avez pas pris ce quiz